00711nam a2200217Ia 4500003000400000008004100004020001500045040001600060082001800076100002400094245007400118700002600192260007500218300002000293490002100313650002900334650002200363650003800385650003700423650003300460GCL140319s9999 xx 000 0 eng d a0944029736 aGCL / cGCL04a956.9442bB J1 aBREGER, MARSHALL J.10aJERUSALEM'S HOLY PLACES AND THE PEACE PROCESS / cBREGER, MARSHALL J.1 aIDINOPULOS, THOMAS A. aنيويورك : bWASHINGTON INSTITUTE FOR NEAR EAST POLICY ، c1998 a24 CM ؛ c76 P aPOLICY PAPERv4604aJERUSALEM - CHRISTIANITY04aJERUSALEM - ISLAM04aJERUSALEM - RELIGION AND POLITICS04aJERUSALEM - INTERNATIONAL STATUS04aARAB - ISRAIL CONFLICT, 1993